000 00314nam a22001337a 4500
003 OSt
008 150615b xxu||||| |||| 00| 0 eng d
100 1 _aCherrystone Auction Galleries
041 _aeng
245 1 0 _aRussia
246 1 0 _aJanuary 20, 2010
260 _bCherrystone Auction Galleries
300 _a0 pages
999 _c1571
_d1571